[Event "Baltic Zonal 2017"]
[Site "Liepaja"]
[Date "2017.06.20"]
[Round "6"]
[White "Berzinsh, Roland"]
[Black "Krupenski, Juri"]
[Result "1-0"]
[WhiteElo "2434"]
[BlackElo "2417"]
[Annotator "TA"]
[PlyCount "151"]
[EventDate "2017.??.??"]
[EventType "swiss"]
[EventCountry "LAT"]
[SourceTitle "playchess.com"]
[Source "ChessBase"]
[SourceQuality "1"]

{[%evp 9,151,8,49,31,14,9,13,8,17,0,0,0,0,8,11,0,8,3,24,12,30,0,1,-94,-87,-81,-68,-94,31,0,33,33,79,71,73,76,77,92,98,98,103,111,198,0,79,56,48,48,52,50,50,48,321,321,321,321,321,321,321,321,419,262,262,262,321,321,321,321,321,321,321,321,321,321,300,300,453,321,377,0,439,226,220,220,321,321,321,321,321,296,321,321,321,321,321,321,321,321,321,321,321,321,321,321,321,321,321,321,321,321,321,321,321,321,321,321,321,314,314,314,1012,314,866,854,806,648,1476,1451,1450,1442,1263,1237,1022,491,451,0,836,556,1563,1247,5527,5522,5193,4779]} 1. d4 Nf6 2. Bf4 c5 3. e3 Qb6 4. Na3 (4. Nc3 Qxb2 5. Nge2 Qb6 6. Rb1 Qd8 7. dxc5 g6 8. g3 Na6 9. Qd4 Bg7 10. Bg2 Nh5 11. Be5 f6 {1-0 (32) Grischuk,A (2774)-Adhiban,B (2674) Berlin 2015}) 4... d6 5. Nc4 Qc6 $146 ({Predecessor:} 5... Qc7 6. a4 g6 7. Nf3 Bg7 8. c3 O-O 9. Be2 Be6 10. Nfd2 Nbd7 11. O-O Rac8 {½-½ (52) Zeynalov,R (2173)-Mirzoev,A (2558) Malatya 2015}) 6. a4 {aiming for Nxd6+! A45: Trompowsky Attack} Nbd7 7. Nf3 g6 8. h3 {The position is equal.} Bg7 9. Be2 O-O 10. O-O b6 11. c3 Bb7 12. Bh2 Ne4 13. Qb3 Rac8 14. Rfd1 Qc7 15. a5 Bd5 16. Qa4 (16. Qc2 $11 {keeps the balance.}) 16... cxd4 $17 17. Nxd4 Bxc4 18. Bxc4 bxa5 (18... Qxc4 $17 19. Qxd7 e5) 19. Bb5 Ndc5 (19... a6 $5 20. Bxa6 (20. Bxd7 Nc5 $11) 20... Ndc5 21. Qxa5 Qxa5 22. Rxa5 Ra8 $14) 20. Qxa5 Qb8 21. Ra2 (21. Qxa7 e5 $15) 21... Rc7 22. f3 Nf6 23. b4 Nd5 {Strongly threatening ...Nb7.} 24. bxc5 Rxc5 {White must now prevent ...Bxd4.} 25. Nc6 (25. Qxa7 $6 Bxd4 26. cxd4 Rxb5 $15) 25... Qb7 {[#]} (25... Rxb5 $16 {was worth a try.} 26. Nxb8 Rxa5 27. Rxa5 Nxc3) 26. c4 $2 (26. Nxa7 $2 Nxc3 27. Rc1 Ra8 $19) (26. Qxa7 Qxb5 27. Nxe7+ Nxe7 $11) ({Better is} 26. Qa6 $1 $18 {[%cal Ra6b7]} Qc7 27. c4 (27. Qxa7 Qxa7 28. Rxa7 Nxc3 $16)) 26... Nc3 (26... Nxe3 $11 27. Nxe7+ (27. Qxa7 Qxa7 28. Rxa7 Nxd1 $17) (27. Re1 Nxc4 28. Qxa7 Qxb5 $17) 27... Qxe7 28. Bxd6 Qg5 29. Bxf8 (29. Qxa7 Rxb5 30. h4 Ra5 $11) 29... Bxf8) 27. Qxa7 (27. Qa6 {is more complex.} Qxa6 28. Nxe7+ Kh8 29. Rxa6 Nxd1 30. Bxd6 Rh5 31. Nd5) 27... Qxa7 28. Rxa7 Rxc6 $1 29. Bxc6 Nxd1 30. Rxe7 Nxe3 $2 {[%mdl 8192]} (30... Bf6 $1 $14 31. Rd7 (31. Bxd6 Bxe7 32. Bxe7 Rc8 $17) 31... Nxe3) 31. Rxe3 $18 Bd4 32. Bf4 Rc8 33. Bd5 Re8 34. Kf2 Kf8 35. Ke2 Bxe3 36. Bxe3 Ke7 37. g4 Rb8 38. Kf2 Rb3 39. Bf4 Rc3 40. Kg3 f6 41. Bh6 Rc2 42. h4 Rc3 (42... Rb2 {keeps fighting.} 43. g5 fxg5 44. hxg5 Rb1) 43. Kf4 Rc2 44. Kg3 Rc3 $1 45. Bg7 (45. Bg8 $142) 45... Rc1 46. g5 f5 (46... fxg5 $142 47. hxg5 Rh1) 47. Bf6+ Kf8 48. Bd4 Rd1 49. Be3 Rd3 50. Kf4 Ra3 51. Bf2 Ra2 52. Bg3 Re2 53. h5 {[%cal Bh4h5,Bh5h6][%mdl 32]} Kg7 54. h6+ Kf8 55. Bh4 Ke7 56. Kg3 Kf8 57. Kh3 Ke7 58. Bg3 Rd2 59. Be1 Rd3 60. Kg3 Kf8 61. Kf2 Rb3 62. Ba5 Ke7 63. Ke2 Rb8 64. Kd3 Rc8 $2 (64... Rb2 65. Bg8 Rb8) 65. Kd4 $2 (65. Bc3 Rb8 66. Bf6+ Kf8 67. c5 dxc5 68. Kc4) 65... Kd7 $2 (65... Rb8 66. f4 Kd7) 66. Bc3 Ke7 67. Kd3 Kd7 68. Bf6 Ke8 69. Be6 Rc5 70. Kc3 Rc7 71. Kb4 (71. f4 $142 Ra7 72. Kd4) 71... Rb7+ 72. Kc3 (72. Ka5 $142) 72... Rc7 73. Bg7 {White is clearly winning.} Ke7 {[#]} 74. Bxf5 $1 {[%mdl 512]} d5 {[#]} (74... gxf5 75. g6) 75. Bxg6 $1 Rxc4+ (75... hxg6 76. h7) 76. Kd3 {Precision: White = 72%, Black = 44%.} 1-0

[Event "Baltic Zonal 2017"]
[Site "Liepaja"]
[Date "2017.06.20"]
[Round "6"]
[White "Sveshnikov, Vladimir"]
[Black "Ladva, Ottomar"]
[Result "0-1"]
[WhiteElo "2383"]
[BlackElo "2530"]
[Annotator "TA"]
[PlyCount "48"]
[EventDate "2017.??.??"]
[EventType "swiss"]
[EventCountry "LAT"]
[SourceTitle "playchess.com"]
[Source "ChessBase"]
[SourceQuality "1"]

{[%evp 9,48,24,33,-29,18,31,24,0,41,-17,0,0,0,0,0,-33,39,33,25,-91,-102,-103,-89,-110,-96,-105,-89,-100,-107,-100,-108,-137,-141,-138,-143,-153,-129,-133,-131,-483,-472]} 1. c4 Nf6 2. Nc3 e6 3. e4 c5 4. e5 Ng8 5. Nf3 Nc6 {LiveBook: 261 Games} 6. Be2 {A19: English Opening: Flohr-Mikenas System with 3...c5} (6. d4 $1 $14) (6. d4 cxd4 7. Nxd4 Nxe5 8. Ndb5 a6 9. Nd6+ Bxd6 10. Qxd6 f6 11. Be3 Ne7 12. Bb6 Nf5 13. Qb4 Qe7 14. Qxe7+ Nxe7 15. O-O-O d5 16. Be2 Kf7 17. b3 dxc4 18. bxc4 Nd7 19. Bc7 b6 20. Bf3 Ra7 21. Rxd7 Bxd7 22. Bxb6 Raa8 23. Bxa8 Rxa8 {½-½ (23) Gajewski,G (2634)-Gharamian,T (2626) Chartres 2017}) 6... a6 7. O-O Qc7 8. Re1 {White has an edge.} Nge7 $146 ({Predecessor:} 8... Nd4 9. Nd5 Nxf3+ 10. Bxf3 Qd8 11. d4 Nf6 12. Bg5 h6 13. Bxf6 gxf6 14. Bh5 cxd4 15. Qxd4 Be7 16. Nb6 Rb8 17. c5 Rg8 18. h4 Qc7 {½-½ (18) Hammoudi,A (2175)-Alzaim,T (2186) Damascus 2015}) 9. b4 (9. a3 $14) 9... Nxb4 10. d4 cxd4 11. Ne4 Ng6 $1 12. c5 Nxe5 ({Black should play} 12... Bxc5 $15 13. Bb2 Be7) 13. Nxe5 $14 Qxe5 14. Bf3 (14. Bh5 $1 $11 {was the only way to keep the balance.}) 14... Bxc5 $17 15. g3 Be7 {White must now prevent ...d3.} 16. Bf4 Qa5 {[#] Strongly threatening ...e5.} 17. Nd6+ Bxd6 18. Bxd6 Qb6 19. Be5 O-O 20. Rb1 {Threatens to win with a3.} f6 {[%cal Bf7f6,Bf6f5][%mdl 32]} 21. Bxd4 {[#]} Qd6 $1 22. Be4 Nc6 ({Inferior is} 22... Nxa2 23. Qd2 $16) 23. Qh5 f5 24. Bxg7 $2 {[%mdl 8192]} (24. Bxc6 $17 bxc6 25. Be5) 24... Kxg7 {Precision: White = 37%, Black = 27%.} 0-1

[Event "Baltic Zonal 2017"]
[Site "Liepaja"]
[Date "2017.06.20"]
[Round "6"]
[White "Brazdzionis, Andrius"]
[Black "Stremavicius, Titas"]
[Result "1/2-1/2"]
[WhiteElo "2335"]
[BlackElo "2448"]
[Annotator "TA"]
[PlyCount "118"]
[EventDate "2017.??.??"]
[EventType "swiss"]
[EventCountry "LAT"]
[SourceTitle "playchess.com"]
[Source "ChessBase"]
[SourceQuality "1"]

{[%evp 9,118,23,21,25,27,27,37,21,11,24,48,18,41,32,52,43,66,32,35,6,16,7,0,-27,-25,-30,-23,-17,-8,-26,-25,-31,0,0,18,12,12,0,0,0,14,6,17,0,4,0,4,0,0,0,0,0,0,0,0,-4,-4,0,0,0,0,0,0,0,0,0,0,0,0,0,0,0,0,0,0,0,0,0,0,0,0,0,0,0,0,0,0,0,0,0,0,0,0,0,0,0,0,0,0,0,0,0,0,0,0,0,0,0,0,0,0]} 1. Nf3 d6 2. d4 f5 3. Nc3 {[%cal Bb1c3,Bc3e2,Be2f4][%mdl 32]} Nf6 4. Bg5 d5 (4... Nbd7 5. Qd3 g6 6. h3 Bg7 7. g4 Nb6 8. O-O-O O-O 9. Bxf6 exf6 10. Rg1 d5 11. e3 c6 12. g5 Nc4 13. h4 {1-0 (44) Cordova,E (2655)-Fedoseev,V (2658) Saint Louis 2017}) 5. Bxf6 exf6 6. e3 {A80: Dutch Defence: Unusual White second moves} Be6 7. Bd3 Qd7 8. Ne2 {White is slightly better.} Nc6 9. c3 Ne7 $146 ({Predecessor:} 9... Bd6 10. Qc2 Ne7 11. h4 O-O-O 12. b4 {0-1 (42) Schuh,H (2305)-Hort,V (2510) Germany 1998}) 10. h4 g6 11. Nf4 Bh6 12. Qb3 O-O-O 13. g3 Bf7 14. O-O-O Kb8 15. Kb1 Nc8 {[%cal Be7c8,Bc8d6,Bd6e4][%mdl 32]} 16. Ne1 (16. c4 {with more complications.} dxc4 17. Bxc4 Bxc4 18. Qxc4 Nd6 19. Qe2) 16... Nd6 17. Be2 ({Don't go for} 17. Nxd5 $2 c6 $19) 17... Qc6 18. Ned3 Qb6 19. Qc2 Ne4 20. Ka1 Be8 21. Bf3 {The position is equal.} Bxf4 22. gxf4 Bb5 23. b3 Bxd3 24. Rxd3 Qe6 25. c4 h6 26. cxd5 Rxd5 27. Rdd1 Rc8 28. Rc1 a5 29. Rhg1 g5 30. hxg5 fxg5 31. fxg5 hxg5 32. Rg4 fxg4 33. Bxe4 c6 34. Bxd5 Qxd5 $11 {[%mdl 4096] Endgame KQR-KQR} 35. Qc5 (35. Rg1 {keeps more tension.} Rf8 36. Rxg4 Qh1+ 37. Kb2 Qe1 38. Rg2) 35... Rh8 36. Qxd5 (36. Rg1 {is interesting.} Rh1 37. Rxh1 Qxh1+ 38. Kb2 Qe1 39. Qf8+) 36... cxd5 {KR-KR} 37. Rc5 Rh1+ 38. Kb2 Rh2 {[#] aiming for ...g3.} 39. Kc3 ({But not} 39. Rxa5 $2 g3 $19) 39... Rxf2 40. Rxd5 Rxa2 41. Rxg5 Re2 $1 42. Kd3 Rb2 43. Kc3 ({Don't do} 43. Rxa5 $6 Rxb3+ 44. Ke4 b5 $16) 43... Re2 $1 44. Kd3 Rb2 45. Kc4 Re2 46. Rxg4 {[#] Threatens to win with e4.} Rxe3 47. Rg5 b6 48. Rg7 Re4 49. Kd5 Rh4 50. Rf7 Rh3 51. Kc6 Rc3+ 52. Kxb6 {Rf8+ is the strong threat.} Rxb3+ 53. Kxa5 Kc8 54. d5 Rb1 55. Ka6 Rd1 56. Kb6 Rxd5 57. Kc6 Rd1 58. Rf8+ Rd8 59. Rxd8+ Kxd8 {Precision: White = 49%, Black = 74%.} 1/2-1/2

[Event "Baltic Zonal 2017"]
[Site "Liepaja"]
[Date "2017.06.20"]
[Round "6"]
[White "Jankovskis, Guntis"]
[Black "Malisauskas, Vidmantas"]
[Result "1/2-1/2"]
[WhiteElo "2310"]
[BlackElo "2417"]
[Annotator "TA"]
[PlyCount "21"]
[EventDate "2017.??.??"]
[EventType "swiss"]
[EventCountry "LAT"]
[SourceTitle "playchess.com"]
[Source "ChessBase"]
[SourceQuality "1"]

{[%evp 18,21,45,50,38,-49]} 1. Nf3 c5 2. c4 g6 3. d4 cxd4 4. Nxd4 Nc6 5. e4 Nf6 6. Nc3 d6 7. Be2 Nxd4 8. Qxd4 Bg7 9. Be3 O-O 10. Qd2 Be6 {B36: Sicilian: Maroczy Bind: Gurgenidze System} 11. Qd1 $146 (11. O-O $14) ({Predecessor:} 11. Rc1 Qa5 12. f3 Rfc8 13. b3 Rab8 14. Na4 Qxd2+ 15. Kxd2 Bd7 16. Nc3 a6 17. g4 Bc6 18. b4 Be8 19. g5 Nd7 20. f4 Kf8 21. h4 {1-0 (41) Yu,Y (2750)-Zvjaginsev,V (2661) China 2017}) 1/2-1/2

[Event "Baltic Zonal 2017"]
[Site "Liepaja"]
[Date "2017.06.20"]
[Round "6"]
[White "Garanin, Aleksei"]
[Black "Krivonosov, Oleg"]
[Result "1-0"]
[WhiteElo "2220"]
[BlackElo "2426"]
[Annotator "TA"]
[PlyCount "65"]
[EventDate "2017.??.??"]
[EventType "swiss"]
[EventCountry "LAT"]
[SourceTitle "playchess.com"]
[Source "ChessBase"]
[SourceQuality "1"]

{[%evp 16,65,20,0,0,-19,19,-28,65,71,68,71,71,60,70,60,61,47,99,90,128,112,99,9,108,106,107,111,106,100,257,251,238,237,287,287,285,266,531,523,531,531,522,516,781,716,714,710,712,666,1049,1041]} 1. d4 d5 2. c4 e6 3. Nf3 Nf6 4. g3 Bb4+ 5. Bd2 Be7 6. Bg2 O-O 7. O-O c6 8. Qc2 Nbd7 9. Rd1 b6 {E11: Bogo-Indian} 10. Nc3 (10. b3 a5 11. Bc3 Ne4 12. Ne5 Nxe5 13. Bxe4 f5 14. Bxd5 exd5 15. dxe5 f4 16. cxd5 cxd5 17. Bd4 Ba6 18. Qc6 Bxe2 {½-½ (28) Ding,L (2773)-Giri,A (2785) Moscow 2017}) 10... Bb7 11. e4 Rc8 (11... dxc4 $11 12. Rac1 b5) 12. e5 $146 ({Predecessor:} 12. Bf4 dxc4 13. a4 a6 14. Bg5 h6 15. e5 hxg5 16. Nxg5 g6 17. exf6 Nxf6 18. Nxe6 fxe6 19. Qxg6+ {½-½ (61) Peng,Z (2411)-De Groote,J (2107) Netherlands 2013}) 12... Ne8 13. cxd5 cxd5 14. Bf1 Nb8 15. Bd3 h6 16. Qa4 a6 (16... Nc6 $14) 17. Rac1 b5 18. Qb3 $1 Nc6 {Strongly threatening ...Na5.} 19. Na4 (19. Ne2 $16) 19... Ba8 (19... f6 $11 {remains equal.} 20. exf6 Rxf6) 20. Nc5 $36 {[%mdl 2048] White is in control.} Nxd4 21. Nxd4 Rxc5 22. Bb1 {Rxc5 is the strong threat.} Rc4 $2 {[#]} (22... Qb6 $16 {was necessary.}) 23. Qd3 $1 $18 {[%csl Gb1][%cal Rd3h7]} g6 {[#]} 24. Nxe6 $1 {[%mdl 512]} Qb6 (24... fxe6 25. Qxg6+) 25. Nxf8 Bxf8 26. b3 Qc6 $2 (26... Rxc1 27. Rxc1 d4) 27. e6 {[%cal Be5e6,Be6e7][%mdl 32] White is clearly winning.} f5 28. Qe2 d4 {[%csl Ga8][%cal Rc6h1] [#]} 29. f3 $1 Rc3 (29... Rxc1 $142 30. Rxc1 Qb7) 30. Bxc3 dxc3 31. e7 Bg7 32. Rd8 Kh7 33. Rcd1 {Precision: White = 64%, Black = 33%.} 1-0

[Event "Baltic Zonal 2017"]
[Site "Liepaja"]
[Date "2017.06.20"]
[Round "6"]
[White "Vaicekauskas, Gytis"]
[Black "Seeman, Tarvo"]
[Result "1/2-1/2"]
[WhiteElo "2207"]
[BlackElo "2411"]
[Annotator "TA"]
[PlyCount "114"]
[EventDate "2017.??.??"]
[EventType "swiss"]
[EventCountry "LAT"]
[SourceTitle "playchess.com"]
[Source "ChessBase"]
[SourceQuality "1"]

{[%evp 14,114,10,15,8,7,4,-24,-8,-39,-33,-47,0,0,0,0,0,0,0,0,0,0,0,-2,-2,-2,-4,-5,0,0,0,0,0,0,0,0,0,0,0,0,0,0,0,0,0,0,0,0,0,0,0,0,0,-11,-11,-11,-11,-11,0,-11,0,0,0,0,0,0,0,0,0,0,0,0,0,0,0,0,0,-4,-4,-11,0,0,0,0,0,0,0,0,0,0,0,0,0,0,0,0,0,0,0,0,0,0,0]} 1. e4 c5 2. Nf3 g6 3. g3 Bg7 4. Bg2 Nf6 {[%cal Bg8f6,Bf6e4,Be4c3,Bc3d1][%mdl 32]} 5. Nc3 Nc6 6. O-O O-O 7. d4 cxd4 8. Nxd4 {LiveBook: 7 Games} Nxe4 {A00: Irregular Openings} (8... Nxd4 9. Qxd4 d6 10. Qd3 Be6 11. Nd5 Nxd5 12. exd5 Bf5 13. Qe2 b5 14. c3 Qd7 15. Bg5 h6 16. Be3 Rfc8 17. Rfc1 Rc4 18. Qd2 h5 19. Bf1 {0-1 (41) Vallejo Diaz,J (2400)-Vazquez Igarza,R (2588) Madrid 2013}) 9. Nxc6 Nxc3 10. Nxd8 (10. Nxe7+ $5 Qxe7 11. bxc3 $11) 10... Nxd1 {Black has an edge.} 11. Nxb7 (11. Nxf7 {keeps more tension.} Bxb2 12. Bxb2 Nxb2 13. Ne5 d6 14. Nf3) 11... Nxb2 12. Rb1 Bxb7 $146 (12... Na4 {feels hotter.} 13. Ba3 d5 14. Bxe7 Re8 15. Rfe1 Be6) ({Predecessor:} 12... Na4 13. Nc5 Nxc5 14. Bxa8 Ba6 15. Bf3 Bxf1 16. Kxf1 {½-½ (43) Benes,P (2139)-Groh,J (2106) Czechia 2001}) 13. Bxb7 {The position is equal.} Rab8 14. Bxb2 {[#] Strongly threatening Bc1.} Rxb7 15. Bxg7 $1 Rxb1 16. Rxb1 Kxg7 $11 {[%mdl 4096] Endgame KR-KR} 17. Rb7 Rd8 18. Rxa7 Kf6 19. Kf1 Rc8 {Black wants to play ...d5.} 20. Rxd7 Rxc2 21. a4 g5 22. h3 h5 23. a5 Ra2 24. Rd5 e6 25. Rb5 Kg6 26. Re5 Ra4 27. Kg2 h4 28. g4 Ra3 (28... f6 $5 {[%cal Rf6e5]} 29. Rb5 Kh6 $11) 29. Kh2 Kf6 (29... f6 $5 {[%cal Rf6e5]} 30. Rb5 Ra4 $11) 30. Rb5 e5 (30... Ra2 $5 {[%cal Ra2f2]}) 31. Kg2 e4 32. Rb4 (32. Rb6+ {is more complex.} Ke5 33. Rb5+ Kf6) 32... e3 33. fxe3 Rxa5 34. Rb2 Ra3 35. Kf3 Ra1 36. Kg2 Re1 37. Kf2 Rd1 38. Kg2 Ke5 39. Rf2 Ke6 40. Ra2 Re1 41. Kf2 Rh1 {[#] ( -> ...Rh2+)} 42. Kg2 Rd1 43. Kf2 Ke5 44. Ra5+ Rd5 45. Ra2 Rc5 46. Rb2 f6 47. Ra2 Ke4 48. Ra4+ Kd5 49. Ra2 Rc4 50. Kf3 Rc5 51. Rd2+ Ke5 52. Ra2 Rb5 53. Kf2 Rb4 54. Kf3 Rb5 55. Kf2 Rb1 56. Ra5+ Ke6 57. Ra6+ Ke5 {Precision: White = 80%, Black = 74%.} 1/2-1/2

[Event "Baltic Zonal 2017"]
[Site "Liepaja"]
[Date "2017.06.20"]
[Round "7"]
[White "Kulaots, Kaido"]
[Black "Kanep, Meelis"]
[Result "1/2-1/2"]
[WhiteElo "2597"]
[BlackElo "2451"]
[Annotator "TA"]
[PlyCount "108"]
[EventDate "2017.??.??"]
[EventType "swiss"]
[EventCountry "LAT"]
[SourceTitle "playchess.com"]
[Source "ChessBase"]
[SourceQuality "1"]

{[%evp 21,108,0,0,0,0,0,63,54,63,68,62,61,64,57,65,68,72,16,62,47,56,61,74,64,120,8,68,56,53,64,352,400,408,406,395,383,316,311,294,275,787,776,714,-196,-83,-228,-219,-261,-242,-271,0,-217,0,-253,-196,-223,-210,-353,-333,-294,-331,-296,-232,-277,-243,-263,0,0,0,0,0,0,0,0,0,0,0,0,0,0,0,0,0,0,0,0,0,0,0]} 1. e4 c5 2. Nf3 d6 3. d4 cxd4 4. Nxd4 Nf6 5. Nc3 Nc6 6. Bg5 e6 7. Qd2 a6 8. O-O-O h6 9. Nxc6 bxc6 10. Bf4 d5 11. Qe3 Bb4 12. Be2 {B66: Sicilian: Richter-Rauzer: 7...a6 8 0-0-0 h6} O-O 13. e5 Nh7 (13... Nd7 $11) (13... Nd7 14. h4 c5 15. Bxh6 gxh6 16. Qxh6 Nxe5 17. Rh3 Bxc3 18. bxc3 Ra7 19. Rg3+ Ng6 20. h5 Qh4 21. Rg4 Qh2 22. Bd3 {1-0 (22) Karjakin,S (2785)-Ivanchuk,V (2747) Doha 2016}) (13... Nd7 14. Qg3 Bxc3 15. Qxc3 c5 16. Qg3 f6 17. Bxh6 Qe7 18. exf6 Qxf6 {1-0 (33) Kulaots,K (2566)-Kanep,M (2507) Finland 2015}) 14. Ne4 $14 {White is slightly better.} f5 15. exf6 Nxf6 16. Nxf6+ Qxf6 17. Be5 $1 $36 {[%cal Re5f6][%mdl 2048] [#] White has the initiative.} Qe7 $146 ({Predecessor:} 17... Bc5 18. Qc3 Qxf2 19. Bd3 Bd7 {½-½ (30) Muzychuk,A (2555)-Kosteniuk,A (2557) Batumi 2016}) 18. f4 Bd6 19. h4 (19. g3 $16) 19... Rb8 20. g4 Bxe5 21. fxe5 Qb4 22. b3 $1 Rf4 (22... a5 $14) 23. Bd3 (23. Rdf1 $16 Qa3+ 24. Kd1) 23... Qa3+ (23... Rxg4 $11 24. Rdf1 Bd7) 24. Kd2 Qa5+ $1 25. c3 $1 {[%cal Bc2c3,Bc3d4][%mdl 32]} Qxa2+ $2 {[%mdl 8192]} ({Black should try} 25... Rxg4 $14 26. Qf3 Rd4) 26. Bc2 $1 $18 Re4 27. Qf3 Rxb3 {[#] Threatens to win with ...Rd4+!} 28. Ra1 $1 {[%cal Ra1a2]} Qb2 29. Rhb1 Rd4+ 30. cxd4 Qxb1 $2 (30... Qxd4+ 31. Bd3 Rb4 32. Rxb4 Qxb4+ 33. Kc2 Qc5+ 34. Kd2 Qb4+ 35. Kc2 Qc5+ 36. Kd2 Qb4+) 31. Qxb3 Qxa1 32. Qd3 $4 {[%mdl 8192] [#]} (32. Qb6 $18 {was the only winning move.}) 32... Kf8 (32... Kf7 $1 $19 {and Black stays clearly on top.} 33. Qf3+ Ke7) 33. Qf3+ (33. Qc3 $17 {only move.} Qxc3+ 34. Kxc3) 33... Ke7 $19 34. Qf4 Qa5+ 35. Kd1 Qa1+ 36. Kd2 $1 {If only White now had time for g5....} Qa5+ 37. Kd1 c5 38. Bg6 Qa4+ 39. Ke2 (39. Kc1 {was the only defense.}) 39... Qc4+ (39... cxd4 $2 40. Qf7+ Kd8 41. Qf8+ Kc7 42. Bd3 $19) 40. Ke1 Qc3+ 41. Ke2 Qb2+ 42. Ke1 Qb4+ 43. Ke2 Bd7 $2 (43... Qxd4 $19 44. Qxd4 cxd4) 44. Qf7+ $11 {The position is equal.} Kd8 45. Qf8+ Kc7 {And now ...Bb5+ would win.} 46. Qd6+ Kc8 {White must now prevent ...Bb5+.} 47. Qf8+ Kc7 48. Qd6+ Kc8 {Hoping for ...Bb5+.} 49. Qf8+ Kb7 50. Qxg7 Qb2+ 51. Kf3 Qc3+ 52. Ke2 Qb2+ 53. Kf3 Qc3+ 54. Ke2 Qb2+ {Precision: White = 60%, Black = 45%.} 1/2-1/2

[Event "Baltic Zonal 2017"]
[Site "Liepaja"]
[Date "2017.06.20"]
[Round "7"]
[White "Ladva, Ottomar"]
[Black "Neiksans, Arturs"]
[Result "1-0"]
[WhiteElo "2530"]
[BlackElo "2581"]
[Annotator "TA"]
[PlyCount "91"]
[EventDate "2017.??.??"]
[EventType "swiss"]
[EventCountry "LAT"]
[SourceTitle "playchess.com"]
[Source "ChessBase"]
[SourceQuality "1"]

{[%evp 14,91,27,8,34,29,27,34,29,29,31,29,29,29,36,35,43,33,23,0,0,0,0,-27,40,37,35,0,127,29,67,58,54,64,103,85,116,102,108,107,158,94,86,88,156,62,41,54,76,33,13,0,358,365,358,350,304,370,351,324,731,716,958,916,29977,29978,29978,5601,29988,840,691,689,668,675,653,644,991,945,29988,29989]} 1. Nf3 Nf6 2. c4 b6 3. g3 Bb7 4. d4 e6 5. Bg2 Be7 6. O-O O-O 7. Re1 Na6 8. a3 {LiveBook: 12 Games. E17: Queen's Indian: 4 g3 Bb7 5 Bg2 Be7} c5 (8... d5 9. cxd5 exd5 10. b4 c6 11. Nc3 Nc7 12. Qb3 Ne6 13. a4 Rb8 14. Ba3 c5 15. Rad1 c4 {1-0 (31) Giri,A (2785)-Romanov,E (2636) Sochi 2017}) 9. d5 exd5 10. Nh4 $1 {[%cal Rc4d5] White has an edge.} Ne4 {aiming for ...f5.} 11. cxd5 Bxh4 12. Bxe4 Bf6 13. Nc3 $146 ({Predecessor:} 13. Qc2 g6 14. d6 Bxe4 15. Qxe4 b5 {1-0 (27) Ikonnikov,V (2580)-Gschnitzer,O (2412) Germany 2014}) 13... d6 14. Qc2 g6 15. Bh6 Re8 16. h4 c4 17. h5 {[%cal Rh5g6]} Qd7 18. hxg6 hxg6 (18... fxg6 $11 19. Bg2 Nc5) 19. Kg2 $14 Nc5 20. Bf3 Qf5 (20... b5 $11 {remains equal.}) 21. e4 (21. Qxf5 $1 $16 gxf5 22. Rh1) 21... Qe5 22. Bf4 Qe7 23. Rh1 Nb3 24. Rae1 a6 25. Rh2 b5 26. Reh1 Bg7 (26... Nc5 $142) 27. Rh7 ({Better is} 27. Bh6) 27... Qf6 28. Qd1 Bc8 (28... Rad8 $142) 29. Bg4 (29. Qg1 $16) 29... Nc5 $1 30. Bxc8 Raxc8 31. Qg4 Nd3 $1 32. Be3 $36 {[%mdl 2048] White is pushing.} (32. Qh3 $5 {[%cal Re4e5]} Kf8 33. Be3 $11) 32... Nxb2 $2 {[%mdl 8192]} (32... Rb8 $1 $11 {and Black has nothing to worry.}) 33. e5 $18 Qxe5 34. Rxg7+ $1 Qxg7 35. Bd4 f5 36. Qh4 Re5 $2 (36... g5 37. Qh5 Qxd4 38. Qh7+ Kf8 39. Qxf5+ Kg8) 37. Bxe5 dxe5 {[#]} 38. d6 $1 {[%cal Rd6d7] Threatening mate with d7!} g5 39. Qh5 Rd8 40. Nd5 {d7! would kill now.} Nd3 {[#]} 41. Ne7+ (41. d7 $142 $1 {[%mdl 512]} Kf8 (41... Rxd7 42. Qe8+) 42. Qh8+ Qxh8 43. Rxh8+ Kf7 44. Rxd8 Ke6 45. Nb6 f4 46. Re8+ Kf5 47. d8=Q Ne1+ 48. Kf1) 41... Kf8 42. Qh8+ Qxh8 43. Rxh8+ Kf7 44. Rxd8 c3 45. Rc8 {Strongly threatening d7.} c2 46. d7 {Precision: White = 63%, Black = 40%.} 1-0